Statistiques concernant Buteurs Liverpool LDC 2018/2019

Cliquez ici pour prendre le quiz!

Statistiques générales

  • Ce quiz a été pris 222 fois
  • Le résultat moyen est 6 sur 9

Statistiques - réponses

Nombre de butButeur% Correct
5Mohamed Salah
100%
4Sadio Mané
99%
4Roberto Firmino
93%
2Virgil van Dijk
89%
3Divock Origi
79%
1Georginio Wijnaldum
62%
2James Milner
59%
1Naby Keita
26%
1Daniel Sturridge
15%

Distribution des résultats

Percentile par nombre de réponses

% des personnes avec chaque résultat

Votre développement - résultats

Vous n’avez pas pris ce quiz